Catalog

Record Details

Catalog Search



The Bishop's wife [DVD/videorecording] / Samuel ... Read More

Available copies

  • 2 of 2 copies available at LARL/NWRL Consortium. (Show)
  • 2 of 2 copies available at Northwest Regional Library.

Current holds

0 current holds with 2 total copies.

Show Only Available Copies
Location Call Number / Copy Notes Barcode Shelving Location Status Due Date
Red Lake Falls Public Library DVD BIS (Text) 35500004800122 Main Available -
Thief River Falls Public Library DVD BIS (Text) 35500004195283 Main Available -

Record details

  • ISBN: 0792849140
  • ISBN: 9781624042430
  • Physical Description: 1 videodisc (109 min.) : sd., b&w ; 4 3/4 in.
  • Publisher: Santa Monica, CA : MGM Home Entertainment Inc., c2001.

Content descriptions

General Note:
Full-frame (standard) format.
From the novel by Robert Nathan.
Originally released as a motion picture in 1947.
Includes original theatrical trailer.
Creation/Production Credits Note:
Music, Hugo Friedhofer ; editing, Monica ... Read More
Participant or Performer Note:
Cary Grant, Loretta Young, David Niven, Monty ... Read More
Summary, etc.:
Cary Grant stars as an angel who materializes in ... Read More
Target Audience Note:
Not rated by MPAA.
System Details Note:
DVD; Dolby digital.
Language Note:
English, French, or Spanish language with ... Read More
Subject: Nathan, Robert, 1894-1985 > Film adaptations.
Angels > Drama.
Bishops' spouses > Drama.
Bishops > Drama.
Man-woman relationships > Drama.
Genre: Christmas films.
Comedy films.
Feature films.
Video recordings for the hearing impaired.
DVDs.
LDR 02992cgm a2200613Ia 4500
00159403
003LARL_NWRL_CONSORTIUM
00520010503084921.0
007vd bgaizu
008010309p20011947cau109 g vleng d
020 . ‡a0792849140
020 . ‡a9781624042430
02842. ‡a1001581 ‡bMGM Home Entertainment Inc.
035 . ‡a(OCoLC)46417557
0411 . ‡aengfrespa ‡bengfrespa
24504. ‡aThe Bishop's wife ‡h[DVD/videorecording] / ‡cSamuel Goldwyn presents ; screen play by Robert E. Sherwood and Leonardo Bercovici ; produced by Samuel Goldwyn ; directed by Henry Koster.
260 . ‡aSanta Monica, CA : ‡bMGM Home Entertainment Inc., ‡cc2001.
300 . ‡a1 videodisc (109 min.) : ‡bsd., b&w ; ‡c4 3/4 in.
4900 . ‡aVintage classics
538 . ‡aDVD; Dolby digital.
546 . ‡aEnglish, French, or Spanish language with subtitles available in English, French, or Spanish.
5111 . ‡aCary Grant, Loretta Young, David Niven, Monty Woolley, James Gleason, Gladys Cooper, Elsa Lanchester.
508 . ‡aMusic, Hugo Friedhofer ; editing, Monica Collingwood ; director of photography, Gregg Toland.
500 . ‡aFull-frame (standard) format.
500 . ‡aFrom the novel by Robert Nathan.
500 . ‡aOriginally released as a motion picture in 1947.
500 . ‡aIncludes original theatrical trailer.
520 . ‡aCary Grant stars as an angel who materializes in answer to the prayers of a harried young bishop, David Niven. Niven's efforts to raise money for a new cathedral have endangered his marriage to beautiful Loretta Young. Grant enters the bishop's household hoping to end the problems plaguing the family, but instead the bishop's negelected wife becomes infatuated with him.
5218 . ‡aNot rated by MPAA.
60010. ‡aNathan, Robert, ‡d1894-1985 ‡vFilm adaptations.
650 0. ‡aAngels ‡vDrama.
650 0. ‡aBishops' spouses ‡vDrama.
650 0. ‡aBishops ‡vDrama.
650 0. ‡aMan-woman relationships ‡vDrama. ‡0(LARL_NWRL_CONSORTIUM)166008
655 0. ‡aChristmas films. ‡0(LARL_NWRL_CONSORTIUM)175648
655 0. ‡aComedy films. ‡0(LARL_NWRL_CONSORTIUM)175650
655 0. ‡aFeature films. ‡0(LARL_NWRL_CONSORTIUM)175625
655 0. ‡aVideo recordings for the hearing impaired. ‡0(LARL_NWRL_CONSORTIUM)175744
655 0. ‡aDVDs.
7001 . ‡aKoster, Henry, ‡d1905-1988. ‡0(LARL_NWRL_CONSORTIUM)86269
7001 . ‡aGoldwyn, Samuel, ‡d1882-1974. ‡0(LARL_NWRL_CONSORTIUM)68081
7001 . ‡aSherwood, Robert E. ‡q(Robert Emmet), ‡d1896-1955. ‡0(LARL_NWRL_CONSORTIUM)62719
7001 . ‡aBercovici, Leonardo. ‡0(LARL_NWRL_CONSORTIUM)203587
7001 . ‡aGrant, Cary, ‡d1904-1986. ‡0(LARL_NWRL_CONSORTIUM)740
7001 . ‡aYoung, Loretta, ‡d1913-2000. ‡0(LARL_NWRL_CONSORTIUM)7267
7001 . ‡aNiven, David, ‡d1910-1983. ‡0(LARL_NWRL_CONSORTIUM)46204
7001 . ‡aNathan, Robert, ‡d1894-1985. ‡0(LARL_NWRL_CONSORTIUM)57602
7001 . ‡aFriedhofer, Hugo. ‡0(LARL_NWRL_CONSORTIUM)58383
901 . ‡a59403 ‡bOCLC ‡c59403 ‡tbiblio

Additional Resources